000
00201 a2200097 4500
001
20036
100
_a
Muhajir, A M R
245
_a
Jenets ofislam
260
_a
_b
Sh M Ashraf
_c
090
_c
14630
_d
14630
942
_a
NUST-CAE
_c
M
_c
5148
999
_c
255109
_d
255109